| 000 | 01154nam a2200313 i 4500 | ||
|---|---|---|---|
| 001 | 000049189 | ||
| 003 | DO-SdBNP | ||
| 005 | 20250204101934.0 | ||
| 007 | ta | ||
| 008 | 140324s2010 dr ac 000 0 spa d | ||
| 020 | _a9789945452211 | ||
| 040 |
_aDO-SdBNP _bspa _cBNPHU _erda |
||
| 082 | 4 |
_a070.4 _bS211h, 2010 _222 |
|
| 100 | 1 |
_aCruz Sánchez, Filiberto, _eautor _4aut. _913112 |
|
| 245 | 1 | 0 |
_aHistoria del periodismo dominicano / _cFiliberto Cruz Sánchez. |
| 264 | 1 |
_aSanto Domingo : _bEditora El Nuevo Diario, _c2010. |
|
| 300 |
_a251 páginas : _bilustraciones, mapas ; _c26 cm. |
||
| 336 |
_atexto _btxt _2rdacontent |
||
| 337 |
_asin mediación _bn _2rdamedia |
||
| 338 |
_avolumen _bnc _2rdacarrier |
||
| 500 | _aIncluye datos biográficos del autor en la solapa de la cubierta | ||
| 504 | _aBibliografía : páginas 241-252 | ||
| 590 | _aInventariado, 2019/VM | ||
| 650 | 4 |
_aPeriodismo _zRepública Dominicana _936 |
|
| 650 | 4 |
_aPeriodismo _zRepública Dominicana _xHistoria _985 |
|
| 650 | 4 |
_aMedios de comunicación de masas _zRepública Dominicana _92031 |
|
| 710 | 2 |
_aFundación Global Democracía y Desarrollo _925477 |
|
| 942 |
_2ddc _cLBS1 |
||
| 999 |
_c48677 _d48677 |
||